Największe dzielnice Gdańska - Statystyki

Ogólne statystyki
  • Ten quiz został rozwiązany 7 razy
  • Średni wynik to 7 z 10
Statystyki odpowiedzi
Lp. Pow. w km2 Odpowiedź % Poprawnych
8 11,45 Jasień
83%
6 14,48 Matarnia
83%
4 18,68 Oliwa
83%
1 35,79 Wyspa Sobieszewska
83%
2 19,94 Kokoszki
67%
10 8,34 Krakowiec-Górki Zachodnie
67%
7 13,73 Osowa
67%
3 19,66 Orunia-św. Wojciech-Lipce
50%
5 14,66 Rudniki
50%
9 10,91 Stogi
33%
Nie znaleziono quizów pasujących do podanych kryteriów
Rozkład punktacji
Procent ludzi z każdym wynikiem
Percentyl według liczby udzielonych odpowiedzi
Twoja historia wyników
Nie rozwiązałeś tego quizu